Demonyms of countries ( part 9 ) - Statistics

General Stats
  • This quiz has been taken 12 times
  • The average score is 14 of 15
Answer Stats
Hint Answer % Correct
Afghanistan Afghan
100%
Bosnia and Herzegovina Bosnian
100%
Estonia Estonian
100%
Fiji Fijian
100%
Iceland Icelandic
100%
Kenya Kenyan
100%
Kyrgyzstan Kyrgyz
100%
Nicaragua Nicaraguan
100%
Pakistan Pakistani
100%
Tajikistan Tajik
100%
Turkmenistan Turkmen
100%
Mali Malian
92%
Yemen Yemeni
92%
Ghana Ghanaian
58%
Azerbaijan Azeri
33%
No matching quizzes found
Score Distribution
Percent of People with Each Score
Percentile by Number Answered
Your Score History
You have not taken this quiz